Quiz de Assassin's Creed - Estadísticas

Estadísticas generales
  • Esta prueba ha sido intentada 33 veces
  • La puntuación promedio es 7 de 15
Estadísticas de respuestas
Hint Respuesta % Correcto
¿Qué organización es la principal enemiga de la saga? Los Templarios
97%
¿Qué familia de origen español es la principal enemiga de Ezio? Los Borgia
77%
¿Qué asesino en serie del siglo XIX aparece en el AC Syndicate? Jack el Destripador
70%
¿Quién la fundó? Bayek de Siwa
63%
¿Qué histórico pirata es un gran aliado de Edward Kenway? Barbanegra
60%
¿Como se llamaba la Hermandad de los asesinos en su origen? Los Ocultos
57%
¿En qué ciudad transcurre principalmente el AC Revelations? Constantinopla
53%
¿Como se llama el pueblo donde se encuentra el Santuario de los Auditore? Monteriggioni
47%
¿En que gran palacio Shay Patrick asesinó al padre de Arno? Palacio de Versalles
37%
¿Cómo se llama la mujer de Bayek del AC Origins? Aya de Alejandría
33%
¿En qué lugar se encerró Altaïr en sus últimos días de vida? Biblioteca de Masyaf
27%
¿Como se llama el mentor de Connor en AC 3? Aquiles Davenport
23%
En el AC Odyssey, ¿qué personaje histórico guarda la puerta de la Atlántida? Pitágoras
23%
¿A qué rey inglés mata Eivor para acabar de conquistar Inglaterra? Alfredo
10%
¿A qué personaje conoce Arno en la prisión de Bastilla? Bellec
7%
No se encontraron pruebas coincidentes
Distribución de puntuación
Porcentaje de gente con cada puntuación
Porcentaje por número respondido
Historial de tus puntuaciones
No has intentado esta prueba.